| 000 | 00751cam a2200229 a 4500 | ||
|---|---|---|---|
| 001 | 000004346 | ||
| 005 | 20200929151428.0 | ||
| 008 | 981105s1998 sp 001 0 spa | ||
| 020 | _a8420483508 | ||
| 040 |
_aDO-SdBNP _cDLC |
||
| 082 |
_a864.64 _bP438p, 1998 |
||
| 100 | 1 |
_aPérez-Reverte, Arturo, _d1951- _912816 |
|
| 245 | 1 | 0 |
_aPatente de corso : _b1993-1998 / _cArturo Pérez-Reverte ; prólogo y selección de José Luis Martín Nogales. |
| 250 | _a3a ed. | ||
| 260 |
_aMadrid : _bAlfaguara, _c1998. |
||
| 300 |
_a527 p. ; _c24 cm. |
||
| 504 | _aIncluye índice. | ||
| 650 | 4 |
_aEnsayos españoles _93095 |
|
| 650 | 4 |
_aLiteratura española _9632 |
|
| 700 | 1 |
_aMartín Nogales, José Luis, _epról. _912817 |
|
| 910 | _aCatalogación por copia / LC | ||
| 999 |
_c4155 _d4155 |
||